000 00437nam a2200169Ia 4500
005 20250409140223.0
008 231217s9999 xx 000 0 und d
020 _a9788120322370
082 _a658.152 HUL;34
100 _aHull, John C.
245 0 _aOptions, futures, and other derivatives
250 _a5th ed.
260 _c2003
_bPHI
_aNew Delhi
300 _axxi+744
650 _aOptions,,futures,,derivatives
942 _cAA
999 _c195595
_d195595